000 01478nam a2200433 i 4500
001 25108
003 KOSZ 005
005 20191203105743.0
008 980715s1996 pl a f f |000 0 pol
015 _aPB 1997/4489
020 _a8370169171
035 _a(OCoLC)830132349
040 _aWA N
_cWA N
_dKOSZ 005/HR
046 _k1996
080 _a579
080 _a(075.8+076)
245 0 0 _aĆwiczenia z mikrobiologii ogólnej.
_nCz. 2,
_pPraktyczna /
_cAntoni Różalski [et al.].
260 _aŁódź :
_bWydawnictwo Uniwersytetu Łódzkiego,
_c1996.
300 _a84 s. :
_brys. ;
_c24 cm.
336 _2rdacontent
_aTekst
_btxt
337 _2rdamedia
_aBez urządzenia pośredniczącego
_bn
338 _2rdacarrier
_aWolumin
_bnc
380 _aKsiążki
380 _aPubllikacje dydaktyczne
385 _mPoziom nauczania
_aSzkoły wyższe
388 _a1901-2000
388 _a1989-2000
500 _aCz. 1 pod hasłem : Różalski Antoni.
504 _aBibliogr. s. 83-84.
521 _aSkrypt dla studentów biologii.
650 4 _aMikrobiologia
655 4 _aĆwiczenia i zadania dla szkół wyższych
655 4 _aPodręczniki akademickie
658 _aBiologia
700 1 _aRóżalski, Antoni
_d(1952- ).
_eAutor
710 2 _aWydawnictwo Uniwersytetu Łódzkiego
_4pbl.
856 _uhttp://koha.tu.koszalin.pl/cgi-bin/koha/opac-detail.pl?biblionumber=25108
_yKatalog online BPK
942 _2UKD
_cKS
999 _c25108
_d25108